000 00407cam a2200169ua 4500
020 _c225.00
041 _aeng
_h
082 _a530.12
_bARU/QU
100 _aAruldhas, G .
245 _aQuantum mechanics /
_cG.Aruldhas.
_hTheses
260 _aNew Delhi :
_bPrentice Hall of India Pvt Ltd. ,
_c2007.
300 _a ; .
365 _a225.00
504 _a
942 _cBK
999 _c13536
_d13536